|
|
|
|
| LEADER |
00000naa2a2200000 4500 |
| 001 |
622412 |
| 005 |
20231101133217.0 |
| 035 |
|
|
|a (RuTPU)RU\TPU\conf\21137
|
| 035 |
|
|
|a RU\TPU\conf\21136
|
| 090 |
|
|
|a 622412
|
| 100 |
|
|
|a 20170329d2016 k y0rusy50 ba
|
| 101 |
0 |
|
|a eng
|
| 102 |
|
|
|a RU
|
| 105 |
|
|
|a y z 101zy
|
| 135 |
|
|
|a drgn ---uucaa
|
| 181 |
|
0 |
|a i
|
| 182 |
|
0 |
|a b
|
| 200 |
1 |
|
|a Russian & USA health system: the benchmarking research
|f I. Akulov
|
| 203 |
|
|
|a Текст
|c электронный
|
| 225 |
1 |
|
|a Этногерменевтика и вопросы сибиреведения
|
| 230 |
|
|
|a 1 компьютерный файл (pdf; 270 Кb)
|
| 300 |
|
|
|a Заглавие с титульного экрана
|
| 320 |
|
|
|a [Библиогр.: с. 86 (6 назв.)]
|
| 330 |
|
|
|a Population's health is the most important factor of successful social development and main resource for ensuring state stability. By social standard of living and population's health it is possible to judge an efficiency of a state policy in the public health service sphere.
|
| 463 |
|
0 |
|0 (RuTPU)RU\TPU\conf\21107
|t Лингвистические и культурологические традиции и инновации
|o тезисы докладов XVI Международной научно-практической конференции, Томск, 11-13 октября 2016 г.
|f Национальный исследовательский Томский политехнический университет (ТПУ) ; под ред. Ю. В. Кобенко ; К. А. Гирфановой
|v [С. 83-86]
|d 2016
|
| 610 |
1 |
|
|a труды учёных ТПУ
|
| 610 |
1 |
|
|a электронный ресурс
|
| 610 |
1 |
|
|a государственная политика
|
| 610 |
1 |
|
|a уровень жизни
|
| 610 |
1 |
|
|a Россия
|
| 610 |
1 |
|
|a США
|
| 610 |
1 |
|
|a здравоохранение
|
| 700 |
|
1 |
|a Akulov
|b I.
|
| 712 |
0 |
2 |
|a Национальный исследовательский Томский политехнический университет (ТПУ)
|c (2009- )
|2 stltpush
|3 (RuTPU)RU\TPU\col\15902
|
| 801 |
|
2 |
|a RU
|b 63413507
|c 20170406
|g RCR
|
| 856 |
4 |
|
|u http://earchive.tpu.ru/handle/11683/37701
|
| 942 |
|
|
|c BK
|